| 000 | 01574nam a22003977a 4500 | ||
|---|---|---|---|
| 003 | CHAP | ||
| 005 | 20220329143411.0 | ||
| 008 | 090408s2009 mx r 00010 spa d | ||
| 010 | _a96028 | ||
| 011 | _a97000 | ||
| 035 | _a107659 | ||
| 040 | _cCHAP | ||
| 090 | _aTesis | ||
| 100 | 1 |
_aGalindo Villalobos, Jesús Alejandro. _944314 |
|
| 245 | 1 | 0 |
_aEvaluación de componentes morfológicos de avena, ballico anual y veza de invierno en monocultivo y asociación para invierno, en Tecamac, México _c/por Jesús Alejandro Galindo Villalobos |
| 260 |
_aChapingo, Méx. : _bEl autor, _c2009 |
||
| 300 |
_axiv, 76 h. : _bcuadros, gráfs. |
||
| 502 | _aTesis (Ing. Agr. Esp. en Zootecnia) -- UACH. Departamento de Zootecnia | ||
| 530 | _aTambién disponible en línea | ||
| 590 |
_aALEPH _b10 _c20130110 _lUCH01 _h1528 |
||
| 590 |
_aBATCH-UPD _b10 _c20130110 _lUCH01 _h0655 |
||
| 590 |
_aBATCH-UPD _b10 _c20130410 _lUCH01 _h0340 |
||
| 590 |
_aBATCH-UPD _b10 _c20130914 _lUCH01 _h0435 |
||
| 590 |
_aBATCH-UPD _b10 _c20140324 _lUCH01 _h1511 |
||
| 590 |
_aBATCH-UPD _b10 _c20141002 _lUCH01 _h0839 |
||
| 590 |
_aCONVERSION _b10 _c20130109 _lUCH01 _h1353 |
||
| 650 | 1 | 4 |
_aAvena como forraje. _98556 |
| 650 | 1 | 4 |
_aCultivos asociados. _930370 |
| 650 | 1 | 4 |
_aForrajes _xRendimiento. _942593 |
| 650 | 1 | 4 |
_aVeza. _9119028 |
| 856 |
_3Finding aid _uhttp://10.13.5.2/tesis/107659.pdf _zTeclea aqui |
||
| 901 | _aBK | ||
| 942 | _cFOLL | ||
| 949 |
_aTesis _bBC _cTES _d33724002089405 _eTS1 _gDonaciØn _h49167 _i107659 _sb |
||
| 949 |
_aTesis _bBC _cTES _d33724002089446 _eTS2 _fc.2 _gDonaciØn _h49168 _i107659 _sb |
||
| 999 |
_c96028 _d96028 |
||